00866nam a2200241 a 450000100100000000500170001000800410002702000150006804000250008308200180010810000410012624500870016726000300025430000200028449000210030450000220032565000220034765000370036970000490040683000300045595201220048599900170060700001918120200929165938.0100527s1996 sp 000 f spa d a8420646946 aDO-SdBNPbspacBNPHU a891.74bN117v1 aNabokov, Vladimir,d1899-197794128813aLa veneziana /cVladimir Nabokov ; traducción de María Isabel Butler de Foley. aMadrid :bAlianza,c1996. a64 p. ;c15 cm.1 aAlianza cienv94 aLibro de bolsillo 4aNovela rusa94742 4aLiteratura rusaySIGLO XX9412891 aButler de Foley, María Isabel,etr.941290 0aAlianza cien ;v94912832 001054708MOaGRbGRcCTd2010-05-27iLF1l0o891.74 N117vp19181-10r2020-06-25w2020-06-25y4ZPréstamo en sala c18699d18699